U.S License Plates by picture (Including territories) - Statistics

General Stats
  • This quiz has been taken 12 times
  • The average score is 43 of 55
Answer Stats
Picture Answer % Correct
Arizona
100%
Massachusetts
100%
New Mexico
100%
Oregon
100%
Wyoming
100%
Arkansas
92%
Colorado
92%
Florida
92%
Georgia
92%
Hawaii
92%
Illinois
92%
Missouri
92%
Nebraska
92%
South Dakota
92%
Texas
92%
Vermont
92%
Alabama
83%
Alaska
83%
California
83%
Connecticut
83%
Minnesota
83%
New Hampshire
83%
New Jersey
83%
Pennsylvania
83%
Puerto Rico
83%
Utah
83%
Wisconsin
83%
Delaware
75%
Guam
75%
Louisiana
75%
Maryland
75%
New York
75%
North Carolina
75%
North Dakota
75%
Rhode Island
75%
South Carolina
75%
Tennessee
75%
Virginia
75%
Washington
75%
West Virginia
75%
Idaho
67%
Indiana
67%
Kentucky
67%
Michigan
67%
Montana
67%
Oklahoma
67%
American Samoa
58%
Iowa
58%
Kansas
58%
Maine
58%
Mississippi
58%
Ohio
58%
Nevada
50%
US Virgin Islands
50%
Northern Mariana Islands
33%
No matching quizzes found
Score Distribution
Percent of People with Each Score
Percentile by Number Answered
Your Score History
You have not taken this quiz